Statistics for Guess the Lyrics #56

Click here to take the quiz!

General Stats

  • This quiz has been taken 811 times
    (324 since last reset)
  • The average score is 131 of 270

Answer Stats

Lyrics% Correct
I
99%
a
96%
the
94%
The
94%
you!"
91%
you
91%
an
84%
He
79%
we
79%
me
77%
to
77%
do
76%
in
74%
she
72%
hear
67%
of
62%
that
62%
for
61%
men
61%
they
58%
Her
55%
there
55%
if
54%
could
53%
it's
51%
It's
51%
thing
51%
never
50%
ever
49%
time
49%
had
48%
this
48%
as
45%
As
45%
from
45%
like
45%
say
45%
some
45%
or
44%
take
44%
know
43%
down
42%
man
42%
things
42%
But
39%
more
39%
night
36%
nothing
35%
out
35%
boy,
34%
gonna
34%
Gonna
34%
away
32%
Africa
31%
only
31%
she's
31%
She's
31%
There's
31%
hundred
29%
I've
29%
way
29%
hears
27%
rains
27%
lot
26%
Africa - Toto
25%
right
25%
tonight
25%
waiting
25%
bless
24%
cry
24%
drums
24%
old
24%
coming
22%
echoing
22%
drag
21%
thirty
21%
quiet
20%
twelve
20%
Hurry
19%
"Hurry
19%
must
19%
stars
19%
whispers
19%
words
18%
conversation
17%
find
17%
flight
17%
become
16%
turned
16%
what's
16%
along
15%
wild
15%
above
14%
dogs
14%
inside
14%
ancient
13%
deep
13%
forgotten
13%
sure
13%
Frightened
12%
melodies
12%
rises
12%
salvation
12%
company
11%
guide
11%
Hoping
11%
Kilimanjaro
11%
Serengeti
11%
stopped
11%
towards
11%
reflect
10%
solitary
10%
wings
10%
grow
9%
longing
9%
Olympus
9%
seek
9%
cure
8%
moonlit
8%
restless
8%

Score Distribution

Percentile by Number Answered

Percent of People with Each Score

Your Score History

You have not taken this quiz since the last reset